000 00222 a2200097 4500
001 32607
100 _aPouchpadass, E
245 _aMy truth (indhra Gandhi)
260 _aNew Delhi
_bVision Books
_c
090 _c21821
_d21821
942 _aNUST-CAE
_cM
_c13138
999 _c267680
_d267680